| 000 | 00911nam a22002531u 4500 | ||
|---|---|---|---|
| 001 | 05475 | ||
| 003 | HDC | ||
| 007 | cr bn ---aaaaa | ||
| 008 | 210120p2011 | d 00 engg | ||
| 040 | _aHDC | ||
| 100 |
_aAida Azrina Azmi _eauthor _95725 |
||
| 245 | 0 |
_aSpecific Polymerase Chain Reaction (PCR) Analysis of Raw Meat and Fats of Pigs for Halal Authentication / by _cAida Azrina Azmi |
|
| 260 |
_a[no place] : _bIDOSI Publications , _c2011 |
||
| 300 | _a 1 online resource (6 pages) | ||
| 336 |
_atext _2rdacontent |
||
| 337 |
_acomputer _2rdamedia |
||
| 338 |
_aonline resource _2rdacarrier |
||
| 650 |
_aHalal authentication _9435 |
||
| 650 |
_araw meats _95726 |
||
| 856 | _zRequest full-text at [email protected] | ||
| 942 | _2lcc | ||
| 942 | _cAR | ||
| 942 | _kJART 001402 | ||
| 999 |
_c2799 _d2799 |
||